NFL Rushing Leaders: Tampa Bay Buccaneers - Statistics

General Stats
  • This quiz has been taken 28 times
  • The average score is 4 of 10
Answer Stats
Rank Player Yards Years w/ Team % Correct
3 WarrickDunn 4986 1997-2001; 2008
80%
2 MikeAlstott 5088 1996-2006
76%
4 DougMartin 4633 2012-2017
72%
5 CadillacWilliams 3677 2005-2010
52%
1 JamesWilder 5957 1981-1989
44%
10 RonaldJones II 2174 2018-2021
44%
6 MichaelPittman 3362 2002-2007
20%
9 ErrictRhett 2853 1994-1997
8%
8 RickyBell 3057 1977-1981
4%
7 ReggieCobb 3061 1990-1993
0%
No matching quizzes found
Score Distribution
Percent of People with Each Score
Percentile by Number Answered
Your Score History
You have not taken this quiz